Let's know about south America / (Record no. 9483)
[ view plain ]
| 000 -LEADER | |
|---|---|
| fixed length control field | 00746nam a22002537a 4500 |
| 001 - CONTROL NUMBER | |
| control field | 9483 |
| 003 - CONTROL NUMBER IDENTIFIER | |
| control field | FISKH |
| 005 - DATE AND TIME OF LATEST TRANSACTION | |
| control field | 20260114101354.0 |
| 008 - FIXED-LENGTH DATA ELEMENTS--GENERAL INFORMATION | |
| fixed length control field | 260114b cb ||||| |||| 00| 0 eng d |
| 040 ## - CATALOGING SOURCE | |
| Original cataloging agency | FISKH |
| Language of cataloging | eng |
| Transcribing agency | FISKH |
| Modifying agency | FISKH |
| 082 ## - DEWEY DECIMAL CLASSIFICATION NUMBER | |
| Classification number | 980 |
| 100 ## - MAIN ENTRY--PERSONAL NAME | |
| Personal name | Dutta , Shyama |
| 245 ## - TITLE STATEMENT | |
| Title | Let's know about south America / |
| Statement of responsibility, etc. | By Shyama Dutta |
| 250 ## - EDITION STATEMENT | |
| Edition statement | First published in 2003 |
| 260 ## - PUBLICATION, DISTRIBUTION, ETC. | |
| Place of publication, distribution, etc. | Viman Nagar : |
| Name of publisher, distributor, etc. | Unicates Publications , |
| Date of publication, distribution, etc. | 2003 . |
| 300 ## - PHYSICAL DESCRIPTION | |
| Extent | 12 unnubered pages : |
| Other physical details | color illustrations ; |
| Dimensions | 20 cm . |
| 505 ## - FORMATTED CONTENTS NOTE | |
| Formatted contents note | S <br/> |
| 521 8# - TARGET AUDIENCE NOTE | |
| Target audience note | 800 <br/> |
| Source | Lexile estimate <br/><br/> |
| 521 8# - TARGET AUDIENCE NOTE | |
| Target audience note | S <br/> |
| Source | Raz-Plus<br/> |
| 700 ## - ADDED ENTRY--PERSONAL NAME | |
| Personal name | Matharu , Vicky |
| Relator term | Designer |
| 700 ## - ADDED ENTRY--PERSONAL NAME | |
| Personal name | Matharu , Archana |
| Relator term | Designer |
| 942 ## - ADDED ENTRY ELEMENTS (KOHA) | |
| Source of classification or shelving scheme | Dewey Decimal Classification |
| Koha item type | Books |
| Suppress in OPAC | No |
| Withdrawn status | Lost status | Source of classification or shelving scheme | Damaged status | Not for loan | Collection | Home library | Current library | Shelving location | Date acquired | Total Checkouts | Full call number | Barcode | Date last seen | Price effective from | Koha item type |
|---|---|---|---|---|---|---|---|---|---|---|---|---|---|---|---|
| Dewey Decimal Classification | Non-Fiction | Footprints International School Library Network Toul Tom Poung Campus | Footprints International School Library Network Toul Tom Poung Campus | TTP Secondary Non-Fiction Bookshelves | 01/14/2026 | DUT 980 | 2026-0039 | 01/14/2026 | 01/14/2026 | Books |
